| 000 | 00422nam a2200181Ia 4500 | ||
|---|---|---|---|
| 001 | 8431 | ||
| 005 | 20260306160608.0 | ||
| 008 | 260306t1974||||xx |||||||||||||| ||spa|| | ||
| 041 | _aESP | ||
| 082 |
_a371 _bP62 |
||
| 100 |
_aPiscoya, Luis _eAUT |
||
| 245 | 0 | _aSobre la naturaleza de la pedagogía | |
| 260 | _c1974 | ||
| 300 |
_a147 páginas : _c17 cm. |
||
| 650 | _aGEN | ||
| 654 | _aCED | ||
| 942 |
_cLIB _dJUS _fJUS _2ddc _n |
||
| 999 |
_c8431 _d8431 |
||